00968nam a2200265 a 4500003000900000005001700009007000300026008004100029020001500070040003000085082001800115100003900133245009400172264003400266300004500300336002700345337003300372338002800405490003300433500004500466500005800511650004100569650005500610700003700665DO-SdBNP20230710124853.0ta220721e2000 dr a|||gr|||| 001 0 spa d a950724980X aDO-SdBNPbspacBNPHUerda 4222bB453pa22 aBeltrán, María Amalia,eautora10aPapiromaníacos en acción. /cMaría Amalia Beltrán ; Ilustraciones, Laura Burstein 1aBuenos Aires :bLumen,c2000. a31 páginas :bilustraciones ; c28 cm. 2rdacontentatextobtxt 2rdamediaasin mediaciónbn 2rdacarrieravolumenbnc aEl Club de los Científicos aIncluye vocabulario de términos 30- 31 aIncluye bibliografía y notas al pié de páginas  4aTrabajos manualesvTrabajos en papel aTrabajos manuales (enseñanza)vTrabajos en papel1 aBurstein, Laura, eilustraciones